Szczegóły MARC21

Wybrane zagadnienia z badań operacyjnych /

005 -DATA I CZAS OSTATNIEJ MODYFIKACJI [,]
    • @
    • pole kontrolne
    • 20070712130222.0
020 -Międzynarod. znormalizowany nr książki - ISBN [ , ]
    • a
    • Numer ISBN
    • 8391332799 Find
040 -Instytucja sporządzająca opis [ , ]
    • a
    • Instytucja, która sporządziła opis (NP)
    • SZCZ U
    • c
    • Instytucja, która sporządziła rekord (NP)
    • SZCZ U
    • d
    • Instytucja, która zmodyfikowała rekord (P)
    • SZCZ U/OG
041 -Język dokumentu [0, ]
    • a
    • Język tekstu (P)
    • polski
044 -Kraj miejsca wydania [ , ]
    • a
    • Kraj miejsca wydania
    • Polska
942 -Rodzaj dokumentu [ , ]
    • c
    • Rodzaj dokumentu
    • Książka
100 -Hasło główne - nazwa osobowa [1, ]
    • a
    • Nazwa osobowa (NP)
    • Czyżycki, Rafał.
    • 9
    • KHW
    • 20717
245 -Strefa tytułu i oznaczenia odpowiedzialności [1,0]
    • a
    • Tytuł
    • Wybrane zagadnienia z badań operacyjnych / Find
    • c
    • Pozostałe elementy strefy tytułu i oznaczenia odpowiedzialności (NP)
    • Rafał Czyżycki, Marcin Hundert, Rafał Klóska.
260 -Strefa adresu wydawniczego [ , ]
    • a
    • Miejsce wydania (P)
    • Szczecin :
    • b
    • Nazwa wydawcy (P)
    • Economicus,
    • c
    • Data wydania (P)
    • 2005.
300 -Strefa opisu fizycznego [ , ]
    • a
    • Określenie formy książki i/lub objętość (NP)
    • 169 s. :
    • b
    • Oznaczenie ilustracji (NP)
    • il. ;
    • c
    • Format (NP)
    • 24 cm.
500 -Uwaga ogólna [ , ]
    • a
    • Uwaga ogólna (NP)
    • Bibliogr.
080 -Uniwersalna Klasyfikacja Dziesiętna [ , ]
    • 2
    • Identyfikator wydania tablic
    • UDC-P022
    • a
    • Symbol klasyfikacji
    • 519.87
    • b
    • Dopowiedzenie
    • Modele matematyczne do badań operacyjnych.
    • x
    • Poddział wspólny
    • (075.8)
    • b
    • Dopowiedzenie
    • (Podręczniki dla szkół wyższych. Skrypty).
980 -Symbol UKD [ , ]
    • a
    • UKD
    • 519.87(075.8)
700 -Hasło dodatkowe - nazwa osobowa [1, ]
    • a
    • Nazwa osobowa (NP)
    • Hundert, Marcin. Find
    • 9
    • KHW
    • 91234
700 -Hasło dodatkowe - nazwa osobowa [1, ]
    • a
    • Nazwa osobowa (NP)
    • Klóska, Rafał. Find
    • 9
    • KHW
    • 20719
920 -ISBN [ , ]
    • a
    • ISBN
    • 83-913327-9-9 Find
Data inwentaryzacji Lokalizacja Sygnatura Numer inwentarzowy Status udost.
2005-04-01T T.85082
2005-04-01TTM.3089TM.3089-3
2005-04-01TTM.3090TM.3090-3
2005-04-01TTM.3091TM.3091-3
2005-04-01TTM.3092TM.3092-3
2005-04-01TTM.3093TM.3093-3
2005-04-01TTM.3094TM.3094-3
2005-04-01TTM.3095TM.3095-3
2005-04-01TTM.3096TM.3096-3
2005-04-01TTM.3097TM.3097-3
2005-12-13TTM.3685TM.3685-3
2005-12-13TTM.3686TM.3686-3
2005-12-13TTM.3687TM.3687-3
2005-12-13TTM.3688TM.3688-3
2005-12-13TTM.3689TM.3689-3
2006-05-30TTM.4082TM.4082-3
2006-05-30TTM.4083TM.4083-3
2007-07-06TTM.4650TM.4650-3
2007-07-06T TM.4649-6
2008-03-10TTM.5306TM.5306-3
2008-03-10TTM.5307TM.5307-3
2008-03-14TTM.5400TM.5400-3
2008-03-14TTM.5401TM.5401-3
2008-05-19TTM.5721TM.5721-3
2009-10-12TTM.6893TM.6893-3
2013-12-19TTM.9950TM.9950-3
2014-05-28TTM.11019TM.11019-3
2014-06-02TTM.11126TM.11126-3